Normal view
MARC view
- Supervised by Lt Col (R) Muhammad Saleem
Entry Personal Name
001 - CONTROL NUMBER
- control field: 131907
003 - CONTROL NUMBER IDENTIFIER
- control field: NUST
005 - DATE AND TIME OF LATEST TRANSACTION
- control field: 20251113184252.0
008 - FIXED-LENGTH DATA ELEMENTS
- fixed length control field: 251113|| aca||aabn | a|a d
040 ## - CATALOGING SOURCE
- Original cataloging agency: NUST
- Transcribing agency: NUST
100 ## - HEADING--PERSONAL NAME
- Personal name: Supervised by Lt Col (R) Muhammad Saleem
670 ## - SOURCE DATA FOUND
- Source citation: Work cat.: (NUST)183646: Mir, GC Ali Muhammad (Ldr) (TCC-15A) 131906, Using Bluetooth to control functionality of mobiles /, 2007
